01423nam a2200349 a 4500001001200000003000800012006001900020007001500039008004100054010001700095020003000112020002700142040002100169035002100190050002300211082001600234245015100250260005600401300002300457490005400480504005100534533015200585650001300737655002900750700002600779700002600805700002000831710001700851830006200868856012600930999001701056ebr10670985CaPaEBRm u cr cn|||||||||110610s2012 nyua sb 001 0 eng d z 2011018645 z9781613249772 (hardcover) z9781614700388 (e-book) aCaPaEBRcCaPaEBR a(OCoLC)82886974614aQH88b.D465 2012eb04a578.75422300aDesertsh[electronic resource] :bfauna, flora and environment /cJuan Carlos Guevara, Eduardo G. Grunwaldt and Chandrakasan Sivaperuman, editors. aHauppauge, N.Y. :bNova Science Publishers,cc2012. aix, 199 p. :bill.1 aEnvironmental science, engineering and technology aIncludes bibliographical references and index. aElectronic reproduction.bPalo Alto, Calif. :cebrary,d2013.nAvailable via World Wide Web.nAccess may be limited to ebrary affiliated libraries. 0aDeserts. 7aElectronic books.2local1 aGuevara, Juan Carlos.1 aGrunwaldt, Eduardo G.1 aSivaperuman, C.2 aebrary, Inc. 0aEnvironmental science, engineering and technology series.40uhttp://site.ebrary.com/lib/rucke/Doc?id=10670985zAn electronic book accessible through the World Wide Web; click to view c62209d62209